Trouver le modèle du véhicule - années 70 - Statistiques

Statistiques générales
  • Ce quiz a été pris 52 fois
  • Le résultat moyen est 6 sur 12
Statistiques - réponses
Par images Hint Réponse % Correct
Lamborghini Countach
80%
Dodge Challenger
70%
Volkswagen Golf GTI
67%
Ford Mustang II
67%
Lancia Stratos
54%
Porsche 911 Turbo
50%
BMW 2002 Turbo
43%
Corvette Stingray
37%
Mazda RX-7
35%
Lotus Esprit
30%
Ferrari 308 GTB
28%
Nissan Fairlady
17%
Aucun quiz correspondant
Distribution des résultats
% des personnes avec chaque résultat
Percentile par nombre de réponses
Votre historique - résultats
Vous n’avez pas pris ce quiz